000 00583nam a2200205Ia 4500
003 GCL
008 140319s9999 xx 000 0 eng d
040 _aGCL /
_cGCL
082 0 4 _a616.07
_bG P
100 1 _aHARRES, NORMAN D.
245 1 0 _aPATHOLOGY AND THERAPEUTICS FOR PHARMACIST: A BASIS FOR CLINICAL PHARMACY PRACTICE /
_cHARRES, NORMAN D.
700 1 _aGREENE, RUSSELL J.
260 _a[S.N] :
_bCHAPMAN & HALL ،
_c1993
300 _a594 P
650 0 4 _aPHARMACOLOGY
650 0 4 _aPHARMACY - PRACTICE
650 0 4 _aMEDICINE
650 0 4 _aPATHOLOGY
942 _2ddc
_cBK
999 _c17094
_d17094